Представление документа в формате MARC21

Поле Инд. ПП Название Значение
Тип записи a
Библиографический уровень b
001 Контрольный номер RU/IS/BASE/265304423
005 Дата корректировки 20201225113353.7
008 Кодируемые данные 20080528
040 b Код языка каталог. rus
e Правила каталог. PSBO
041 0_ a Код языка текста rus
084 a Индекс другой классификации/Индекс ББК 88.946; 88.921
100 1_ a Автор Ткаченко И. В.
q Полное имя Ткаченко Ирина Валерьевна
245 10 a Заглавие Пояснительная записка к курсу "Основы психологии семьи и семейного консультирования"
504 a Библиография Лит.: с. 33 - 35
650 04 a Основная рубрика практическая психология (прикладная психология)
a Основная рубрика психология
a Основная рубрика психотерапия; психологическое консультирование
653 1_ a Ключевые слова "Основы психологии семьи и семейного консультирования" (учебный курс)
a Ключевые слова высшее образование
a Ключевые слова консультативная психология
a Ключевые слова обучающие программы
a Ключевые слова педагогическое образование
a Ключевые слова педагог-психолог
a Ключевые слова подготовка педагогов
a Ключевые слова подготовка психологов
a Ключевые слова подготовка специалистов
a Ключевые слова практический психолог
a Ключевые слова преподавание педагогики
a Ключевые слова профессиональное образование
a Ключевые слова Россия
a Ключевые слова семейная педагогика
a Ключевые слова семейное воспитание
a Ключевые слова семейное консультирование
a Ключевые слова социальная педагогика
a Ключевые слова социальные педагоги
773 0_ t Заглавие источника Вестник психосоциальной и коррекционно-реабилитационной работы
d Дата издания источника 2008
g Прочая информация № 1. - С. 3 - 33 : табл.
w Контрольный № источника RU/IS/BASE/261237321
901 t Тип документа b